[Event "Championnat de France - Open C"]
[Site "NANCY"]
[Date "2013.08.23"]
[Round "11.6"]
[White "Bellahcene, Omar"]
[Black "Brandel, Leo"]
[Result "1/2-1/2"]
[WhiteElo "1789"]
[BlackElo "1679"]
[PlyCount "93"]
[EventDate "2013.??.??"]

1. e4 e5 2. Nf3 Nc6 3. d4 exd4 4. Nxd4 Bc5 5. Nb3 Bb6 6. Nc3 Qf6 7. Qe2 Nge7 8.
Be3 O-O 9. f4 d6 10. Bxb6 axb6 11. Qf2 Be6 12. Be2 Bxb3 13. cxb3 Nd4 14. Bd1
Rfe8 15. O-O b5 16. Be2 b4 17. Nb5 Nxb5 18. Bxb5 c6 19. Bd3 Ng6 20. g3 c5 21.
Rfe1 Ra5 22. a4 bxa3 23. bxa3 Qc3 24. Qc2 Qd4+ 25. Kg2 b5 26. Ra2 d5 27. e5 c4
28. bxc4 bxc4 29. Bf5 Qc5 30. e6 Nf8 31. exf7+ Kxf7 32. Rxe8 Kxe8 33. Rb2 Qc7
34. Qe2+ Kf7 35. Ra2 d4 36. Be4 Rc5 37. Rb2 Qd6 38. Rb7+ Kg8 39. Qg4 g6 40. f5
d3 41. fxg6 hxg6 42. Qf3 Qe6 43. Rb8 Qe7 44. Bd5+ Kg7 45. Rb7 Rc7 46. Rxc7 Qxc7
47. Qe4 1/2-1/2

[Event "Championnat de France - Open C"]
[Site "NANCY"]
[Date "2013.08.23"]
[Round "11.7"]
[White "Kajganic, Fabien"]
[Black "De Muyser, Xavier"]
[Result "1-0"]
[WhiteElo "1727"]
[BlackElo "1749"]
[PlyCount "76"]
[EventDate "2013.??.??"]

1. d4 d5 2. c4 c6 3. Nf3 e6 4. Nc3 f5 5. Bf4 Nf6 6. e3 Be7 7. Bd3 Ne4 8. Ne5
Bf6 9. Qh5+ g6 10. Qh3 Qa5 11. Bxe4 fxe4 12. O-O O-O 13. Ng4 Bg7 14. Nh6+ Kh8
15. Qg3 Nd7 16. Ng4 Nf6 17. Nxf6 Bxf6 18. f3 Bd7 19. fxe4 dxc4 20. Bd6 Bg7 21.
Bxf8 Rxf8 22. Qd6 Qd8 23. e5 Rf5 24. Rxf5 gxf5 25. Qc5 Bh6 26. Re1 Qb6 27. Qe7
Qc7 28. e4 Qc8 29. exf5 Bf8 30. Qf7 Qe8 31. Qxe8 Bxe8 32. fxe6 b5 33. Ne4 Bb4
34. Rf1 a5 35. Nd6 Bg6 36. e7 Kg7 37. e8=Q Bxe8 38. Nxe8+ Kg6 1-0

[Event "Championnat de France - Open C"]
[Site "NANCY"]
[Date "2013.08.23"]
[Round "11.8"]
[White "Dillenschneider, Ernesto"]
[Black "Quelennec, Amelie"]
[Result "1/2-1/2"]
[WhiteElo "1734"]
[BlackElo "1700"]
[PlyCount "109"]
[EventDate "2013.??.??"]

1. d4 Nf6 2. c4 g6 3. Nf3 Bg7 4. Nc3 d5 5. cxd5 Nxd5 6. e4 Nxc3 7. bxc3 c5 8.
Be3 Nc6 9. Qd2 O-O 10. d5 Qa5 11. Rc1 Rd8 12. c4 b6 13. Qxa5 Nxa5 14. Be2 Bd7
15. O-O Ba4 16. Bd1 Bxd1 17. Rfxd1 Rac8 18. e5 Nb7 19. Bf4 Rd7 20. e6 fxe6 21.
dxe6 Rxd1+ 22. Rxd1 Nd8 23. Rd7 Nxe6 24. Bd2 Rc7 25. Rxc7 Nxc7 26. Bf4 Ne6 27.
Bb8 a6 28. Ba7 b5 29. Nd2 Bd4 30. Kf1 Kf7 31. Ke2 Kf6 32. g3 bxc4 33. Nxc4 Nc7
34. Nd2 Nb5 35. Bxc5 Nc3+ 36. Kd3 Bxc5 37. Kxc3 Kf5 38. f3 a5 39. Ne4 Bb4+ 40.
Kc4 g5 41. Nf2 h5 42. h3 Be1 43. g4+ Kg6 44. Nd3 hxg4 45. hxg4 Bd2 46. Nc5 Be3
47. Ne4 Kf7 48. Kd5 a4 49. Nc3 a3 50. Nd1 Bd2 51. Nf2 Be3 52. Nd3 Kf6 53. Nb4
Bd2 54. Nc2 Bc1 55. Nb4 1/2-1/2

[Event "Championnat de France - Open C"]
[Site "NANCY"]
[Date "2013.08.23"]
[Round "11.9"]
[White "Lafortune, Emerick"]
[Black "Salvi, Michel"]
[Result "1-0"]
[WhiteElo "1728"]
[BlackElo "1583"]
[PlyCount "77"]
[EventDate "2013.??.??"]

1. Nf3 c6 2. d4 d5 3. c4 e6 4. g3 Nf6 5. Bg2 Nbd7 6. O-O dxc4 7. Nc3 Bb4 8. Qc2
O-O 9. Rd1 Qe7 10. e4 e5 11. d5 c5 12. Nd2 b5 13. Nxb5 Rb8 14. Na3 h5 15. Naxc4
Ng4 16. h3 Ndf6 17. hxg4 Bxg4 18. Nf3 Nh7 19. Ne3 Bd7 20. Nh4 g5 21. Nhf5 Qf6
22. d6 Kh8 23. Nd5 Qg6 24. Nde7 Qf6 25. Qe2 g4 26. Bh6 Rg8 27. Nxg8 Kxg8 28.
Bg7 Qg5 29. Bh6 Qf6 30. Qe3 Bxf5 31. exf5 Ba5 32. d7 Bb6 33. Be4 h4 34. gxh4
Qxh4 35. f6 c4 36. Qxb6 axb6 37. d8=Q+ Rxd8 38. Rxd8+ Nf8 39. Rxf8# 1-0

[Event "Championnat de France - Open C"]
[Site "NANCY"]
[Date "2013.08.23"]
[Round "11.10"]
[White "Guillaume, Marvin"]
[Black "Gardet, Thomas"]
[Result "0-1"]
[WhiteElo "1748"]
[BlackElo "1578"]
[PlyCount "72"]
[EventDate "2013.??.??"]

1. Nf3 Nf6 2. b3 g6 3. Bb2 Bg7 4. d4 O-O 5. e3 d6 6. c4 Nbd7 7. Nbd2 c6 8. Qc2
Qc7 9. O-O-O a5 10. a3 Qb8 11. a4 d5 12. h4 b6 13. e4 dxe4 14. Nxe4 Ba6 15. Ne5
Rc8 16. Ng5 Nxe5 17. dxe5 Ng4 18. Qe2 h5 19. f3 Nxe5 20. Re1 f6 21. f4 Nxc4 22.
Qe6+ Kh8 23. Nf7+ Kh7 24. bxc4 Qxf4+ 25. Kb1 Rf8 26. Bd3 Qg3 27. Ng5+ Kh8 28.
Bxg6 Qb3 29. Nf7+ Rxf7 30. Bxf7 Rf8 31. Re3 Qxa4 32. Rhe1 Rxf7 33. Qxf7 Bxc4
34. Qxh5+ Kg8 35. Rxe7 Bd3+ 36. Kc1 Qc2# 0-1